书目信息 |
| 题名: |
铁甲先锋:新世纪的主战坦克
|
|
| 作者: | 鹰杰 编 | |
| 分册: | ||
| 出版信息: | 广州 广东科技出版社 2000.01 |
|
| 页数: | 160页 | |
| 开本: | 32开 | |
| 丛书名: | ||
| 单 册: | ||
| 中图分类: | E923.1 | |
| 科图分类: | ||
| 主题词: | 武器--军事技术 , 军用器材--军事技术 | |
| 电子资源: | ||
| ISBN: | 7-5359-2442-5 | |
| 000 | 00609nam0 2200205 45 | |
| 001 | 0009112016 | |
| 005 | 20000911201758.0 | |
| 010 | @a7-5359-2442-5@d26.80元 | |
| 100 | @a20000911d2000 km y0chiy0120 ea | |
| 101 | 0 | @achi |
| 105 | @a z 000yy | |
| 200 | 1 | @a铁甲先锋:新世纪的主战坦克@ATie Jia Xian Feng:Xin Shi Ji De Zhu Zhan Tan Ke@f鹰杰 编@FYing Jie Bian |
| 210 | @a广州@c广东科技出版社@d2000.01 | |
| 215 | @a160页@d32开 | |
| 606 | 0 | @a武器@x军事技术 |
| 606 | 0 | @a军用器材@x军事技术 |
| 690 | @aE923.1@v3 | |
| 701 | 0 | @a鹰杰@4编 |
| 801 | @aCN@bPftUser@c20000911 | |
| 905 | @b136419-421@dE923.1@eY.373@f3 | |
| 铁甲先锋:新世纪的主战坦克/鹰杰 编.-广州:广东科技出版社,2000.01 |
| 160页;32开 |
| ISBN 7-5359-2442-5:26.80元 |
| ● |
| 相关链接 |
|
|
|
正题名:铁甲先锋:新世纪的主战坦克
索取号:E923.1/Y.373
 
预约/预借
| 序号 | 登录号 | 条形码 | 馆藏地/架位号 | 状态 | 备注 |
| 1 | 136419 | 201364193 | 社科库509/504自科库 13排4列3层/ [索取号:E923.1/Y.373] | 在馆 | |
| 2 | 136420 | 201364200 | 社科库509/ [索取号:E923.1/Y.373] | 在馆 | |
| 3 | 136421 | 201364219 | 社科库509/509社科库 126排2列3层/ [索取号:E923.1/Y.373] | 在馆 |